000 00498nam a2200181Ia 4500
005 20250923144221.0
008 008 250917s9999 xx 000 0 eng d
037 _aTextual
040 _aDSWL
_beng
_cDSWL
041 _aeng
_2eng
084 _aY1:4::5a:2:N2, N22
_qDSWL
100 _aFleming, D.J
_9822481
245 0 _aBuilding in India
_cby D.J Fleming
260 _c1922
300 _a228 p.
942 _cTEXL
_hY1:4::5a:2:N2, N22
999 _c1436186
_d1436186